Štúdium biokompatibility nových typov biomateriálov s určenými bunkovými kultúrami dizertačná práca

Guardado en:
Detalles Bibliográficos
Autor principal: Klempaiová, Monika
Formato: Libro
Lenguaje:eslovaco
Publicado: Bratislava STU FCHPT 2016
Acceso en línea:Ver en el OPAC
Etiquetas: Agregar Etiqueta
Sin Etiquetas, Sea el primero en etiquetar este registro!

MARC

LEADER 00000nam a2200000 a 4500
005 20260127134239.0
008 200226 2016 xo a 001 0 slo d
035 |a vtls011920199 
039 9 |y 202002261133  |z mschk03 
040 |a STUSCHK1  |b slo  |c STUSCHK1  |e AACR2 
100 1 |a Klempaiová, Monika 
245 1 |a Štúdium biokompatibility nových typov biomateriálov s určenými bunkovými kultúrami  |b dizertačná práca  |c Monika Klempaiová 
260 |a Bratislava  |b STU FCHPT  |c 2016 
300 |a 159 s.  |b Obr., tab. grafy  |c 25 cm 
500 |a Študijný program: biotechnológia 
500 |a Študijný odbor: biotechnológie 
500 |a Školiace pracovisko: Odd. plastov, kaučuku a vlákien 
500 |a Evid. číslo: FCHPT-19983-40536 
910 |a SCHK95 
999 |c 7751  |d 7751